Jojo l'hippopo dans son avion
| Auteur principal : | Pierrick Bisinski |
|---|---|
| Titre : | Jojo l'hippopo dans son avion |
| Support : | Livres |
| Langue : | Francais |
| Publié : |
2013 Gallimard-Jeunesse Giboulées Paris |
| Genre : |
Album |
| Sujets : | |
| Étiquettes : |
Pas de tags
|
| LEADER | 00744nam0a2200193 450 | ||
|---|---|---|---|
| 001 | 16868200 | ||
| 010 | |a 978-2-07-065146-7 |b cart. |d 6,5 | ||
| 100 | |a 20130321d2013 u u0frey01 ba | ||
| 101 | 0 | |a fre | |
| 102 | |a FR | ||
| 200 | 0 | |a Jojo l'hippopo dans son avion |f Pierrick Bisinski | |
| 207 | 1 | |a | |
| 210 | |a Paris |c Gallimard-Jeunesse Giboulées |d 2013 | ||
| 215 | |a 19 p. |c ill en coul |d 18 cm | ||
| 330 | |a Jojo est prêt à décoller. Il roule sur la piste et décolle à toute vitesse. Mais une fois dans le ciel, Jojo disparaît. | ||
| 700 | 0 | |a Bisinski |b Pierrick |c auteur jeunesse |f 1961-.... |4 70 | |
| 900 | |a Album | ||
| 901 | |a Jeunesse | ||
| 995 | |a Médiathèque |c Médiathèque |f 00156008814667 |h 00156008814667 |k A BIS BB |o p |q j |r az |e Médiathèque | ||